La Programmation Applicative de LIPS à la machine en passant par le lambda-calcul

Đã lưu trong:
Bibliografiske detaljer
Hovedforfatter: Emmanuel Saint - James
Format: Bog
Sprog:Undetermined
Udgivet: Paris Hermès 1993
Fag:
Tags: Tilføj Tag
Ingen Tags, Vær først til at tagge denne postø!
Thư viện lưu trữ: Trung tâm Học liệu Trường Đại học Cần Thơ
LEADER 00527nam a2200181Ia 4500
001 CTU_30154
008 210402s9999 xx 000 0 und d
082 |a 651.59 
082 |b S143 
100 |a Emmanuel Saint - James 
245 0 |a La Programmation Applicative 
245 0 |b de LIPS à la machine en passant par le lambda-calcul 
245 0 |c Emmanuel Saint - James 
260 |a Paris 
260 |b Hermès 
260 |c 1993 
650 |a application computer 
980 |a Trung tâm Học liệu Trường Đại học Cần Thơ